Normal view
MARC view
- John P. Bentley
Entry Personal Name
001 - CONTROL NUMBER
- control field: 125354
003 - CONTROL NUMBER IDENTIFIER
- control field: NUST
005 - DATE AND TIME OF LATEST TRANSACTION
- control field: 20240826163522.0
008 - FIXED-LENGTH DATA ELEMENTS
- fixed length control field: 240826|| aca||aabn | a|a d
040 ## - CATALOGING SOURCE
- Original cataloging agency: NUST
- Transcribing agency: NUST
100 ## - HEADING--PERSONAL NAME
- Personal name: John P. Bentley
670 ## - SOURCE DATA FOUND
- Source citation: Work cat.: (NUST): John P. Bentley, Principles of Measurement Systems, 2000.
